000 00452nam a2200193Ia 4500
005 20230817101248.0
008 131103s9999 xx 000 0 und d
020 _a99410214
040 _aLoreto College
041 _aEnglish
082 _aF
_bGRI
100 _aGrisham,John
245 4 _aThe Runaway Jury
_cJohn Grisham
260 _aLondon
_bArrow
_c1996
300 _a484 p.
650 _aFiction in English
850 _aLCLIB
942 _cBK
999 _c15649
_d66128